Mujeres detrás de cámara: una historia de conquistas y victorias en el cine latinoamericano /
שמור ב:
| מחבר ראשי: | |
|---|---|
| פורמט: | Texto |
| נושאים: | |
| תגים: |
הוספת תג
אין תגיות, היה/י הראשונ/ה לתייג את הרשומה!
|
MARC
| LEADER | 00000 a a2200000 04500 | ||
|---|---|---|---|
| 001 | 10927 | ||
| 003 | |||
| 040 | |||
| 100 | |a Torres San Martín, Patricia | ||
| 245 | |a Mujeres detrás de cámara: |b una historia de conquistas y victorias en el cine latinoamericano / |c Patricia Torres San Martín | ||
| 650 | |a HISTORIA | ||
| 650 | |a PARTICIPACION DE LA MUJER | ||
| 650 | |a CINE | ||
| 650 | |a ARTE | ||
| 650 | |a CULTURA | ||
| 650 | |a AMERICA LATINA | ||
| 773 | |g número 218; páginas 107-121 | ||
| 999 | |c 39158 |d 39158 | ||
